Biggest Cities in the United States in 1840 - Statistics

General Stats
  • This quiz has been taken 10 times
  • The average score is 57 of 100
Answer Stats
Population State City % Correct
6,071 OH Cleveland
100%
6,048 OH Columbus
100%
102,193 LA New Orleans
100%
312,710 NY New York
100%
93,665 PA Philadelphia
100%
23,364 DC Washington
100%
102,313 MD Baltimore
88%
93,383 MA Boston
88%
29,261 SC Charleston
88%
4,470 IL Chicago
88%
46,338 OH Cincinnati
88%
15,082 MA Salem
88%
33,721 NY Albany
75%
4,340 SC Columbia
75%
9,102 MI Detroit
75%
5,980 PA Harrisburg
75%
9,468 CT Hartford
75%
6,997 KY Lexington
75%
21,210 KY Louisville
75%
12,672 AL Mobile
75%
17,290 NJ Newark
75%
12,960 CT New Haven
75%
10,920 VA Norfolk
75%
21,115 PA Pittsburgh
75%
23,171 RI Providence
75%
20,153 VA Richmond
75%
20,191 NY Rochester
75%
11,214 GA Savannah
75%
16,469 MO St. Louis
75%
8,367 DE Wilmington
75%
5,335 NC Wilmington
75%
8,489 VA Alexandria
63%
6,403 GA Augusta
63%
5,314 ME Augusta
63%
36,233 NY Brooklyn
63%
18,213 NY Buffalo
63%
8,409 MA Cambridge
63%
6,067 OH Dayton
63%
8,417 PA Lancaster
63%
6,395 VA Lynchburg
63%
8,333 RI Newport
63%
11,136 VA Petersburg
63%
7,887 NH Portsmouth
63%
6,477 VA Portsmouth
63%
12,782 NY Utica
63%
7,497 MA Worcester
63%
4,779 PA York
63%
10,089 PA Allegheny
50%
8,627 ME Bangor
50%
4,351 PA Carlisle
50%
6,458 NH Dover
50%
6,738 MA Fall River
50%
5,182 MD Frederick
50%
7,312 DC Georgetown
50%
6,350 MA Gloucester
50%
22,314 PA Kensington
50%
20,796 MA Lowell
50%
9,367 MA Lynn
50%
14,573 PA Moyamensing
50%
12,087 MA New Bedford
50%
5,519 CT New London
50%
34,474 PA Northern Liberties
50%
7,596 NJ Paterson
50%
5,281 MA Plymouth
50%
8,410 PA Reading
50%
6,784 NY Schenectady
50%
9,534 RI Smithfield
50%
27,548 PA Southwark
50%
10,985 MA Springfield
50%
27,849 PA Spring Garden
50%
19,334 NY Troy
50%
6,726 RI Warwick
50%
7,885 WV Wheeling
50%
5,626 NY Auburn
38%
4,689 MA Beverly
38%
11,484 MA Charlestown
38%
4,897 NH Concord
38%
5,225 RI Cumberland
38%
4,504 CT Danbury
38%
4,865 PA Easton
38%
5,060 NJ Evesham
38%
5,575 MA Marblehead
38%
5,085 MA Middleborough
38%
6,063 NJ Middletown
38%
9,012 MA Nantucket
38%
6,929 TN Nashvile
38%
7,161 MA Newburyport
38%
4,821 NJ Woodbridge
38%
5,207 MA Andover
25%
5,141 ME Bath
25%
5,020 MA Danvers
25%
4,875 MA Dorchester
25%
5,672 NY Hudson
25%
15,218 ME Maine
25%
6,054 NH Nashua
25%
4,345 PA Pottsville
25%
9,089 MA Roxbury
25%
7,645 MA Taunton
25%
4,766 OH Zanesville
25%
5,042 ME Gardiner
13%
No matching quizzes found
Score Distribution
Percent of People with Each Score
Percentile by Number Answered
Your Score History
You have not taken this quiz